One Piece: Personnage Pays des Wa (Acte I) - Statistiques

Statistiques générales
  • Ce quiz a été pris 168 fois
  • Le résultat moyen est 26 sur 39
Statistiques - réponses
Réponse % Correct
Monkey D. Luffy
98%
Roronoa Zoro
97%
Nami
97%
Franky
96%
Vinsmoke Sanji
96%
Nico Robin
95%
Tony Tony Chopper
95%
Usopp
95%
Brook
94%
Kaido
92%
Kinemon
92%
Eustass Kid
91%
Marco
88%
Trafalgar Law
88%
Bepo
85%
Kanjuro
81%
O-Kiku
76%
Carrot
75%
Jack
73%
Denjiro
69%
Kozuki Momonosuke
68%
Ashura Doji
64%
Tama
63%
Inuarashi
60%
Nekomamushi
59%
Penguin
59%
Kozuki Hiyori
56%
Basil Hawkins
53%
Orochi
51%
X Drake
51%
Speed
47%
Shinobu
41%
Holdem
39%
Shachi
39%
O-Tsuru
38%
Portgas D. Ace
36%
Tenguyama Hitetsu
12%
Komachiyo
8%
Urashima
8%
Aucun quiz correspondant
Distribution des résultats
% des personnes avec chaque résultat
Percentile par nombre de réponses
Votre historique - résultats
Vous n’avez pas pris ce quiz